000 00318nam a22001337a 4500
020 _a81-7391-745-0
082 _a158
_bSHA/C
100 _aSHARMA, SHASHI PRABHA
245 _aCAREER GUIDANCE AND COUNSELLING
260 _aDELHI
_bKANISHKA PUBLISHERS
_c2005
300 _a430
650 _aPSYCHOLOGY
_zINDIA
942 _cBK
999 _c5622
_d5622